[Event "Olympiad-41"]
[Site "Tromsoe"]
[Date "2014.08.10"]
[Round "8.2"]
[White "Simonet, Marc"]
[Black "Rocha, Sergio MC"]
[Result "1/2-1/2"]
[WhiteElo "2222"]
[BlackElo "2392"]
[PlyCount "20"]
[EventDate "2014.08.02"]
[EventType "team-swiss"]
[EventRounds "11"]
[EventCountry "NOR"]
[SourceTitle "CBM 162"]
[Source "ChessBase"]
[SourceDate "2014.09.17"]
[SourceVersion "1"]
[SourceVersionDate "2014.09.17"]
[SourceQuality "1"]
[WhiteTeam "Andorra"]
[BlackTeam "Portugal"]
[WhiteTeamCountry "AND"]
[BlackTeamCountry "POR"]

1. d4 g6 2. c4 Bg7 3. e4 d6 4. Nf3 Nf6 5. Nc3 0-0 6. Be2 Bg4 7. Ng1 Bc8 8. Nf3 Bg4 9. Ng1 Bc8 10. Nf3 Bg4 1/2-1/2

[Event "Olympiad-41"]
[Site "Tromsoe"]
[Date "2014.08.04"]
[Round "3.2"]
[White "Shoker, Samy"]
[Black "Simonet, Marc"]
[Result "1-0"]
[WhiteElo "2487"]
[BlackElo "2222"]
[PlyCount "75"]
[EventDate "2014.08.02"]
[EventType "team-swiss"]
[EventRounds "11"]
[EventCountry "NOR"]
[SourceTitle "CBM 162"]
[Source "ChessBase"]
[SourceDate "2014.09.17"]
[SourceVersion "1"]
[SourceVersionDate "2014.09.17"]
[SourceQuality "1"]
[WhiteTeam "Egypt"]
[BlackTeam "Andorra"]
[WhiteTeamCountry "EGY"]
[BlackTeamCountry "AND"]

1. Nf3 Nf6 2. g3 d5 3. Bg2 c6 4. b3 Bg4 5. Bb2 Nbd7 6. d3 e6 7. Nbd2 Bd6 8. h3 Bh5 9. 0-0 0-0 10. e4 e5 11. Re1 Re8 12. Qe2 Qe7 13. a3 dxe4 14. dxe4 Nc5 15. Qf1 b5 16. Nh4 Qc7 17. Nf5 Bf8 18. f3 Nfd7 19. Kh2 f6 20. c4 a6 21. Rac1 Bf7 22. b4 Na4 23. Ba1 g6 24. Ne3 Qd6 25. Nb3 Bh6 26. Na5 Rac8 27. Rcd1 Qc7 28. h4 Rcd8 29. Ng4 Bg7 30. Rc1 Ndc5 31. cxb5 cxb5 32. Qg1 h5 33. Ne3 Qd6 34. Red1 Qb6 35. Nd5 Bxd5 36. bxc5 Qxa5 37. exd5 f5 38. d6 1-0

[Event "EU Small Countries ol 3rd"]
[Site "Monte Carlo"]
[Date "2013.12.01"]
[Round "9"]
[White "Simonet, Marc"]
[Black "Rodgaard, John"]
[Result "1/2-1/2"]
[WhiteElo "2235"]
[BlackElo "2366"]
[PlyCount "38"]
[EventDate "2013.11.25"]
[EventType "team-tourn"]
[EventRounds "9"]
[EventCountry "MNC"]
[SourceTitle "CBM 157 Extra"]
[Source "ChessBase"]
[SourceDate "2013.12.19"]
[SourceVersion "1"]
[SourceVersionDate "2013.12.19"]
[SourceQuality "1"]
[WhiteTeam "Andorra"]
[BlackTeam "Faroe Islands"]
[WhiteTeamCountry "AND"]
[BlackTeamCountry "FAI"]

1. d4 d5 2. c4 e6 3. Nc3 Be7 4. Nf3 Nf6 5. Bg5 0-0 6. e3 Nbd7 7. Bd3 dxc4 8. Bxc4 c5 9. 0-0 Nb6 10. Bb3 cxd4 11. Qxd4 Qxd4 12. Nxd4 Bd7 13. Rfd1 Rfd8 14. Rd2 h6 15. Bh4 Kf8 16. Rad1 Rdc8 17. Ndb5 Bxb5 18. Nxb5 Ne4 19. Bxe7+ Kxe7 1/2-1/2

[Event "EU Small Countries ol 3rd"]
[Site "Monte Carlo"]
[Date "2013.11.28"]
[Round "5"]
[White "Simonet, Marc"]
[Black "Steil Antoni, Fiona"]
[Result "1-0"]
[WhiteElo "2235"]
[BlackElo "2185"]
[PlyCount "55"]
[EventDate "2013.11.25"]
[EventType "team-tourn"]
[EventRounds "9"]
[EventCountry "MNC"]
[SourceTitle "CBM 157 Extra"]
[Source "ChessBase"]
[SourceDate "2013.12.19"]
[SourceVersion "1"]
[SourceVersionDate "2013.12.19"]
[SourceQuality "1"]
[WhiteTeam "Andorra"]
[BlackTeam "Luxembourg"]
[WhiteTeamCountry "AND"]
[BlackTeamCountry "LUX"]

1. c4 e6 2. Nf3 Nf6 3. g3 b6 4. Bg2 Bb7 5. 0-0 Be7 6. Nc3 0-0 7. Re1 d5 8. cxd5 exd5 9. d4 Ne4 10. Qb3 c5 11. Rd1 c4 12. Qc2 Nxc3 13. bxc3 Nc6 14. Ne5 b5 15. e4 Na5 16. Rb1 a6 17. f3 Re8 18. Ng4 Bg5 19. f4 Be7 20. e5 Rb8 21. Rf1 b4 22. f5 b3 23. Qf2 Bg5 24. f6 Bxc1 25. fxg7 Kxg7 26. Rbxc1 Qe7 27. Nf6 Red8 28. Qf5 1-0